000 01353nab a2200241 c 4500
001 768714001
003 CO-MdFUSB
005 20230111153511.0
008 211009b ck ||||| |||| 00| 0 spa d
022 _a1014-9341
040 _bspa
_cCO-MdFUSB
_dCO-MdFUSB
041 _aspa
100 _aWright, Pablo
_eautor
245 _aPedagogía de empowerment :
_bimplicancias del trinitarianismo para la educación cristiana
_c/ Pablo Wright
300 _aNúmero 36 (Enero - Junio, 2005), páginas 109-122
_c; 23 cm
520 _aLa doctrina de la trinidad provee un modelo que tiene el potencial de transformar la educación cristiana partiendo de conceptos del poder y su distribución distintos de los acostumbrados en la sociedad humana. La Trinidad económica es un paradigma para el ejercicio de roles variados y complementarios entre pares, así como la Trinidad inmanente lo es para un trabajo que combina la unidad y la diversidad.
650 0 _9984
_aEducación
650 0 _96793
_aTrinidad
_xEducación teológica.
690 _aEducación cristiana
773 0 _tKairós
_049489
_961224
_oR2147
_w(CO-MdFUSB)24
_x1014-9341
_gNúmero 36 (Enero - Junio, 2005), páginas 109-122
_qpágina 109
773 0 _tKairós
_049489
_981321
_oR2106
_w(CO-MdFUSB)24
_x1014-9341
_gNúmero 36 (Enero - Junio, 2005), páginas 109-122
_qpágina 109
942 _cANA
999 _c66947
_d66947